| 000 | 00730nam a2200229 i 4500 | ||
|---|---|---|---|
| 001 | 143193 | ||
| 003 | ES-MaACL | ||
| 005 | 20250830111229.0 | ||
| 007 | t| | ||
| 008 | 070214s1962 sp |||| | spa d | ||
| 080 | _a26(04) | ||
| 100 | 1 |
_aSemmelroth, Otto. _9105392 |
|
| 245 | 1 | 0 |
_aYo creo en la Iglesia / _cOtto Semmelroth ; traducción y presentación por Alfonso López Quintás. |
| 260 |
_aMadrid : _bGuadarrama, _c1962. |
||
| 300 |
_a188 p. ; _c18 cm. |
||
| 490 | 1 |
_aCristianismo y hombre actual ; _v16 |
|
| 610 | 2 | 4 |
_aIglesia Católica _94639 |
| 700 | 1 |
_aLópez Quintás, Alfonso. _973905 |
|
| 830 | 0 | 0 |
_aCristianismo y hombre actual _v16 _9181461 |
| 852 |
_aES-MaACL _jC-21099 |
||
| 999 |
_c143193 _d143193 |
||